|
|
|
|
| LEADER |
00844nam a2200205 a 4500 |
| 001 |
10140343 |
| 008 |
090716r19261993nyu b 000 0eng d |
| 010 |
|
|
|a 26009702
|
| 040 |
|
|
|a DLC
|c ODaWU
|d OCoLC
|d DLC
|
| 082 |
0 |
0 |
|a 821/.7
|2 20
|
| 100 |
1 |
|
|a Thorpe, Clarence De Witt,
|d 1887-
|
| 245 |
1 |
4 |
|a The mind of John Keats,
|c by Clarence Dewitt Thorpe.
|
| 260 |
|
|
|a New York [etc.];
|a New Delhi:
|b Oxford University Press;
|b DOABA House,
|c 1926[reprinted 1993].
|
| 300 |
|
|
|a 209 p.
|c 23 cm.
|
| 504 |
|
|
|a Bibliography: p. 205-209.
|
| 541 |
1 |
|
|e 00011999
|
| 600 |
1 |
0 |
|a Keats, John,
|d 1795-1821
|x Criticism and interpretation.
|
| 852 |
4 |
|
|a Ayesha Abed Library
|j General Shelf.
|
| 999 |
|
|
|c 2670
|d 2670
|
| 952 |
|
|
|0 0
|1 0
|2 ddc
|4 0
|6 821_700000000000000_THO
|7 0
|9 2452
|a BRACUL
|b BRACUL
|c GEN
|d 2009-07-22
|g 100.00
|l 4
|m 8
|o 821.7 THO
|p 3010011999
|r 2017-01-29
|s 2017-01-25
|t 1
|w 2009-07-22
|y BK
|